000 00349nam a22001337a 4500
999 _c27657
_d27657
008 250219b ||||| |||| 00| 0 eng d
082 0 0 _a823
_bW141
100 _95770
_aWain, John
245 1 0 _aStrike the father dead
_cJohn Wain
260 _aLondon :
_bThe reprint society ltd,
_c1962.
300 _a317 p.
650 0 _aEnglish fiction
942 _cBK